The peloponnesian war: Athens, Sparta and the struggle for Grecce

Tallennettuna:
Bibliografiset tiedot
Päätekijä: Bagnall, Nigel (Tekijä)
Aineistotyyppi: Kirja
Kieli:englanti
Julkaistu: Londres Pimlico 2004
Painos:1a. ed
Aiheet:
Tagit: Lisää tagi
Ei tageja, Lisää ensimmäinen tagi!

MARC

LEADER 00000nam a2200000 a 4500
001 UCI1216
003 CL-VaPUC
008 070622e20040000UK |||||||||||||||||eng|d
020 |a 0712698817 
082 0 4 |a 938  |b BAG  |2 21 
100 0 |a Bagnall, Nigel  |e author  |9 521562 
245 1 4 |a The peloponnesian war: Athens, Sparta and the struggle for Grecce 
250 |a 1a. ed 
300 |a 318 p 
942 |c BK 
945 |d 20070622 00:00:00  |a jtorresc 
260 |a Londres  |b Pimlico  |c 2004 
650 0 |a Historia antigua  |9 267521 
650 0 |a Imperio Persa  |9 438880 
650 7 |a GUERRA DEL POLOPONESO  |2 CL-VaPUC  |9 499279 
650 7 |a GRECIA CLASICA  |2 CL-VaPUC  |9 433640 
651 0 |a Grecia  |9 265314 
583 |a last modification  |c 20070622 00:00:00  |k Rodrigo Vera 
999 |c 326056  |d 326054 
952 |0 0  |1 0  |4 0  |6 938_000000000000000_BAG_2004  |7 0  |8 A  |9 407727  |a BIBHIS  |b BIBHIS  |d 2019-11-22  |i 4229282  |o 938 BAG 2004  |p 4229282  |r 2025-01-20  |w 2019-11-22  |y BK  |k HIS